[Event "LAT-chT"]
[Site "Riga"]
[Date "2019.06.08"]
[Round "4.1"]
[White "Sinauridze, Simons"]
[Black "Laurusas, Tomas"]
[Result "0-1"]
[WhiteElo "2068"]
[BlackElo "2495"]
[PlyCount "76"]
[EventDate "2019.02.16"]
[EventType "team-tourn"]
[EventRounds "9"]
[EventCountry "LAT"]
[SourceTitle "CBM 190 Extra"]
[Source "ChessBase"]
[SourceDate "2019.07.15"]
[SourceVersion "1"]
[SourceVersionDate "2019.07.15"]
[SourceQuality "1"]
[WhiteTeam "Rigas Saha School Nakotne"]
[BlackTeam "Termo Eko/RSF"]
[WhiteTeamCountry "LAT"]
[BlackTeamCountry "LAT"]

1. e4 e5 2. Nf3 Nc6 3. Bc4 Bc5 4. c3 Nf6 5. d4 exd4 6. cxd4 Bb4+ 7. Bd2 Bxd2+ 8. Nbxd2 d5 9. exd5 Nxd5 10. Qb3 Na5 11. Qa4+ Nc6 12. Qb3 Nce7 13. 0-0 0-0 14. Ne5 c6 15. Ndf3 Qb6 16. Qc2 Bf5 17. Qd2 Qb4 18. Bd3 Qxd2 19. Nxd2 Nf4 20. Bc4 b5 21. Bb3 Ne2+ 22. Kh1 Nxd4 23. Rac1 Rac8 24. Rfe1 c5 25. Nd7 Bxd7 26. Rxe7 Rc7 27. Bd5 Nf5 28. Re5 Re8 29. Rce1 Rxe5 30. Rxe5 Kf8 31. Be4 Nd6 32. Bf3 Be6 33. a3 Ke7 34. Nb3 Nc4 35. Rxc5 Rxc5 36. Nxc5 Nxb2 37. Nxe6 Kxe6 38. Be2 a6 0-1

[Event "Olaine rapid op"]
[Site "Olaine"]
[Date "2018.11.25"]
[Round "4"]
[White "Sinauridze, Simons"]
[Black "Berzinsh, Roland"]
[Result "0-1"]
[WhiteElo "2053"]
[BlackElo "2409"]
[PlyCount "34"]
[EventDate "2018.11.25"]
[EventType "swiss (rapid)"]
[EventRounds "9"]
[EventCountry "LAT"]
[SourceTitle "CBM 187 Extra"]
[Source "ChessBase"]
[SourceDate "2018.11.04"]
[SourceVersion "1"]
[SourceVersionDate "2018.11.04"]
[SourceQuality "1"]

1. e4 e5 2. Nf3 Nc6 3. d4 exd4 4. Nxd4 Nf6 5. Nc3 Bb4 6. Nxc6 bxc6 7. Bd3 d5 8. e5 Ng4 9. 0-0 0-0 10. Bf4 Re8 11. Qe2 f6 12. e6 Bxe6 13. Rae1 Bd6 14. Bxd6 Qxd6 15. f4 Bd7 16. Qf3 Qc5+ 17. Kh1 Rxe1 0-1

[Event "LAT-ch"]
[Site "Riga"]
[Date "2018.05.06"]
[Round "9"]
[White "Isakovs, Janis"]
[Black "Sinauridze, Simons"]
[Result "1/2-1/2"]
[WhiteElo "1946"]
[BlackElo "2044"]
[PlyCount "59"]
[EventDate "2018.04.30"]
[EventType "swiss"]
[EventRounds "9"]
[EventCountry "LAT"]
[SourceTitle "CBM 184 Extra"]
[Source "ChessBase"]
[SourceDate "2018.06.28"]
[SourceVersion "1"]
[SourceVersionDate "2018.06.28"]
[SourceQuality "1"]

1. Nf3 g6 2. d4 Bg7 3. e4 d6 4. Bd3 Nc6 5. c3 e5 6. dxe5 Nxe5 7. Nxe5 dxe5 8. 0-0 Be6 9. Be3 Ne7 10. Na3 0-0 11. Bc4 Bxc4 12. Nxc4 Qc8 13. Bc5 Re8 14. Qb3 b6 15. Be3 Qe6 16. Rad1 Rad8 17. f3 Kh8 18. Na3 Qxb3 19. axb3 a6 20. b4 Kg8 21. Kf2 f6 22. Ke2 Kf7 23. Nc4 Ke6 24. Rxd8 Rxd8 25. Ra1 Ra8 26. g3 Nc8 27. Rd1 Ne7 28. Ra1 Nc8 29. Rd1 Ne7 30. Ra1 1/2-1/2

[Event "LAT-ch"]
[Site "Riga"]
[Date "2018.05.05"]
[Round "8"]
[White "Sinauridze, Simons"]
[Black "Semjonovs, Ilja"]
[Result "0-1"]
[WhiteElo "2044"]
[BlackElo "2201"]
[PlyCount "72"]
[EventDate "2018.04.30"]
[EventType "swiss"]
[EventRounds "9"]
[EventCountry "LAT"]
[SourceTitle "CBM 184 Extra"]
[Source "ChessBase"]
[SourceDate "2018.06.28"]
[SourceVersion "1"]
[SourceVersionDate "2018.06.28"]
[SourceQuality "1"]

1. e4 c5 2. Nf3 d6 3. Bb5+ Nd7 4. 0-0 Ngf6 5. Re1 a6 6. Bd3 e5 7. c3 Be7 8. Bc2 0-0 9. d4 Qc7 10. d5 b5 11. Nbd2 c4 12. Nf1 Nc5 13. Ng3 a5 14. h3 b4 15. Nh4 g6 16. Bh6 Rd8 17. Qf3 Ne8 18. Nhf5 gxf5 19. exf5 Nf6 20. Nh5 Nxh5 21. Qxh5 Bf6 22. g4 Nd3 23. g5 Bg7 24. Bxg7 Kxg7 25. Qh6+ Kh8 26. Re4 Qe7 27. f6 Qf8 28. Qh5 Bf5 29. Rxc4 Nf4 30. Rxf4 Bxc2 31. Rf3 Qg8 32. Rg3 bxc3 33. Rxc3 Rdc8 34. h4 Rxc3 35. bxc3 Qg6 36. Qg4 Qf5 0-1

[Event "EU-ch blitz"]
[Site "Katowice"]
[Date "2017.12.15"]
[Round "4"]
[White "Krause, Jonah"]
[Black "Sinauridze, Simons"]
[Result "1-0"]
[WhiteElo "2368"]
[BlackElo "2022"]
[PlyCount "69"]
[EventDate "2017.12.15"]
[EventType "swiss (blitz)"]
[EventRounds "22"]
[EventCountry "POL"]
[SourceTitle "CBM 182 Extra"]
[Source "ChessBase"]
[SourceDate "2018.02.23"]
[SourceVersion "1"]
[SourceVersionDate "2018.02.23"]
[SourceQuality "1"]

1. d4 g6 2. Nf3 Bg7 3. c4 d6 4. Nc3 Nf6 5. e4 0-0 6. Be2 Nbd7 7. 0-0 e5 8. Be3 Ng4 9. Bg5 f6 10. Bc1 Nh6 11. Re1 c6 12. Rb1 Qe7 13. b4 Nf7 14. d5 c5 15. bxc5 Nxc5 16. Be3 b6 17. Nd2 f5 18. f3 f4 19. Bf2 g5 20. Nb3 h5 21. Nxc5 bxc5 22. Qa4 g4 23. Qc6 Bd7 24. Rb7 Rfd8 25. fxg4 Qe8 26. Rxd7 Qxd7 27. gxh5 Qxc6 28. dxc6 Rdc8 29. Nd5 Kf8 30. c7 Nh6 31. Bh4 Ke8 32. Bg5 Nf7 33. Be7 Bf8 34. Bxf8 Kxf8 35. Bg4 1-0

[Event "World ol U16"]
[Site "Poprad"]
[Date "2016.07.27"]
[Round "7.4"]
[White "Sinauridze, Simons"]
[Black "Verbin, Valentina"]
[Result "0-1"]
[WhiteElo "1897"]
[BlackElo "1884"]
[PlyCount "62"]
[EventDate "2016.07.22"]
[EventType "team-swiss"]
[EventRounds "9"]
[EventCountry "SVK"]
[SourceTitle "EXT 2017"]
[Source "ChessBase"]
[SourceDate "2016.10.25"]
[SourceVersion "1"]
[SourceVersionDate "2016.10.25"]
[SourceQuality "1"]
[WhiteTeam "Latvia"]
[BlackTeam "Moldova"]
[WhiteTeamCountry "LAT"]
[BlackTeamCountry "MDA"]

1. e4 c5 2. Nf3 d6 3. Bb5+ Nd7 4. 0-0 a6 5. Bxd7+ Bxd7 6. c3 Nf6 7. Re1 Bc6 8. e5 dxe5 9. Nxe5 Qd5 10. Nxc6 Qxc6 11. d4 Rd8 12. Be3 e6 13. Qe2 Bd6 14. dxc5 Bxc5 15. Bxc5 Qxc5 16. Nd2 0-0 17. Nb3 Qg5 18. Rad1 Nd5 19. Qf3 b5 20. Rd4 Nf6 21. h4 Qh6 22. Red1 Rd5 23. Rxd5 Nxd5 24. Rd4 a5 25. g3 Nb6 26. Qc6 Nc4 27. Qxb5 Nxb2 28. Qxa5 Qg6 29. c4 h6 30. c5 e5 31. Rd1 Nxd1 0-1

[Event "World ol U16"]
[Site "Poprad"]
[Date "2016.07.24"]
[Round "4.4"]
[White "Zarebska, Lena"]
[Black "Sinauridze, Simons"]
[Result "0-1"]
[WhiteElo "1406"]
[BlackElo "1897"]
[PlyCount "82"]
[EventDate "2016.07.22"]
[EventType "team-swiss"]
[EventRounds "9"]
[EventCountry "SVK"]
[SourceTitle "EXT 2017"]
[Source "ChessBase"]
[SourceDate "2016.10.25"]
[SourceVersion "1"]
[SourceVersionDate "2016.10.25"]
[SourceQuality "1"]
[WhiteTeam "Poland Warmia Mazury"]
[BlackTeam "Latvia"]
[WhiteTeamCountry "POL"]
[BlackTeamCountry "LAT"]

1. e4 c5 2. Nf3 d6 3. d4 cxd4 4. Nxd4 Nf6 5. Nc3 g6 6. Be3 Bg7 7. f3 0-0 8. Qd2 Nc6 9. 0-0-0 d5 10. exd5 Nxd5 11. Nxc6 bxc6 12. Bd4 e5 13. Bc5 Be6 14. Bc4 Re8 15. h4 Qa5 16. Ne4 Qxd2+ 17. Nxd2 Nf4 18. Bxe6 Rxe6 19. g4 Rb8 20. Nb3 a5 21. a4 e4 22. Bd6 Ne2+ 23. Kb1 Rd8 24. Bc7 Rxd1+ 25. Rxd1 exf3 26. Bb6 Ng3 27. Rd8+ Bf8 28. Bc5 f5 29. Bxf8 Kf7 30. Bc5 fxg4 31. Ka2 Ne4 32. Rf8+ Kg7 33. Rf4 Nxc5 34. Nxc5 Rf6 35. Ne6+ Rxe6 36. Rxg4 f2 37. Rf4 Rf6 38. Rc4 f1Q 39. Rc5 Qf4 40. Rxa5 Qc4+ 41. Ka3 Rf3+ 0-1

[Event "EU Union-ch U14"]
[Site "Kouty nad Desnou"]
[Date "2014.09.02"]
[Round "7"]
[White "Bango, Dominik"]
[Black "Sinauridze, Simons"]
[Result "1-0"]
[WhiteElo "1513"]
[BlackElo "1717"]
[PlyCount "109"]
[EventDate "2014.08.27"]
[EventType "swiss"]
[EventRounds "9"]
[EventCountry "CZE"]
[SourceTitle "CBM 162 Extra"]
[Source "ChessBase"]
[SourceDate "2014.10.17"]
[SourceVersion "1"]
[SourceVersionDate "2014.10.17"]
[SourceQuality "1"]

1. b3 f5 2. Bb2 Nf6 3. d3 d6 4. Nf3 e5 5. g3 g6 6. Bg2 Bg7 7. 0-0 0-0 8. c4 Nc6 9. Nbd2 a6 10. Rc1 Qe8 11. e3 Nb4 12. Qe2 Nxa2 13. Ra1 Nb4 14. Rfc1 Nc6 15. Bc3 Bd7 16. Ne1 g5 17. Nc2 Qg6 18. Rf1 Rae8 19. e4 f4 20. Nf3 h5 21. gxf4 exf4 22. Kh1 g4 23. Rg1 gxf3 24. Bxf3 Qh6 25. Bxh5 Re7 26. Bf3 Ne5 27. Nd4 Kf7 28. Nf5 Bxf5 29. exf5 c6 30. Rae1 Rh8 31. Rg2 Bf8 32. Reg1 Ke8 33. Qd1 Reh7 34. Re1 Qxh2+ 35. Rxh2 Rxh2+ 36. Kg1 Kf7 37. Bxe5 dxe5 38. Rxe5 Ng4 39. Re2 R8h3 40. Rd2 Ne5 41. Bg2 Rh4 42. d4 f3 43. Bxf3 Nxf3+ 44. Qxf3 Bh6 45. Rc2 R4h3 46. Qe4 Rh1+ 47. Kg2 R3h2+ 48. Kf3 Rh3+ 49. Ke2 Kf6 50. Qe6+ Kg5 51. Qg6+ Kf4 52. f6 Rf3 53. f7 Rxf2+ 54. Kxf2 Rh2+ 55. Kg1 1-0

[Event "EU Union-ch U14"]
[Site "Kouty nad Desnou"]
[Date "2014.09.01"]
[Round "6"]
[White "Sinauridze, Simons"]
[Black "Radeva, Viktoria"]
[Result "0-1"]
[WhiteElo "1717"]
[BlackElo "1983"]
[PlyCount "68"]
[EventDate "2014.08.27"]
[EventType "swiss"]
[EventRounds "9"]
[EventCountry "CZE"]
[SourceTitle "CBM 162 Extra"]
[Source "ChessBase"]
[SourceDate "2014.10.17"]
[SourceVersion "1"]
[SourceVersionDate "2014.10.17"]
[SourceQuality "1"]

1. e4 c6 2. d4 d5 3. Nc3 dxe4 4. Nxe4 Bf5 5. Ng3 Bg6 6. Nf3 Nd7 7. h4 h6 8. h5 Bh7 9. Bd3 Bxd3 10. Qxd3 e6 11. Bf4 Qa5+ 12. Bd2 Bb4 13. c3 Be7 14. Qc4 Ngf6 15. 0-0-0 0-0 16. Rde1 b5 17. Qb3 Bd6 18. Ne5 Bxe5 19. Rxe5 Nxe5 20. dxe5 Nd7 21. f4 Nc5 22. Qc2 Qxa2 23. Kd1 Qa4 24. Qxa4 Nxa4 25. Kc2 Nb6 26. Ne4 Nc4 27. Bc1 a5 28. b3 Nb6 29. g4 a4 30. g5 axb3+ 31. Kxb3 Ra4 32. Re1 Nd7 33. gxh6 Rxe4 34. Rxe4 Nc5+ 0-1